000 00689nam a2200133Ia 4500
008 171212s9999 xx 000 0 und d
020 _a9780874211801
100 _aPhilp, Kenneth
245 _cPhilp, Kenneth
_aIndian Self Rule
_bFirst-Hand Accounts of Indian-White Relations from Roosevelt to Reagan
260 _bUniversity Press of Colorado
_c1986
650 _aHistory
650 _aIndians of North America -- Government relations -- 1934–; Indians of North America -- Politics and government; Indians of North America -- Social conditions; United States. Indian Reorganization Act; Self-determination, National -- United States
856 _uwww.jstor.org/stable/10.2307/j.ctt46nr85
999 _c353091
_d353091